000 00357nam a22001457a 4500
003 OSt
008 210914b ||||| |||| 00| 0 eng d
020 _a9788126563050
100 _aMUELLER,John Paul
245 _aMachine Learning (in Python and R ) for Dummies
250 _aRep
260 _aNew Delhi
_bWiley
_c2021
300 _a410Pg
942 _2ddc
_cBK
999 _c10905
_d10905